000 00691nam a22002297a 4500
005 20251108172630.0
008 250721s1999 xx 000 0 ara d
082 1 4 _a956,1/صيا
100 1 _aالصايغ، عبود
245 1 0 _aالروض الزاهر في تاريخ ظاهر /
264 1 _aاربد :
_bدار الكندي للنشر و التوزيع،
_c1999.
300 _a135 ص
650 1 7 _aتاريخ آسيا
650 1 7 _aتاريخ العرب
650 1 7 _aالتاريخ
650 1 7 _aتاريخ سوريه
650 1 7 _aتاريخ الأردن
650 1 7 _aتاريخ فلسطين
650 1 7 _aتاريخ لبنان
942 _2ddc
_cBK
999 _c84527
_d84527